书目信息 |
| 题名: |
李煜
|
|
| 作者: | 董希平 编著 | |
| 分册: | ||
| 出版信息: | 北京 中华书局 2010.03 |
|
| 页数: | 221页 | |
| 开本: | 21cm | |
| 丛书名: | 怡情书吧 | |
| 单 册: | ||
| 中图分类: | I213.912 | |
| 科图分类: | ||
| 主题词: | 古典文学--作品集--中国--南朝时代 | |
| 电子资源: | ||
| ISBN: | 978-7-101-07256-3 | |
| 000 | 00821nam 2200253 450 | |
| 001 | 012010611060 | |
| 005 | 20100629150913.54 | |
| 009 | 012004451359 | |
| 010 | @a978-7-101-07256-3@dCNY26.00 | |
| 100 | @a20100515d2010 em y0chiy0110 ea | |
| 101 | 0 | @achi |
| 102 | @aCN@b110000 | |
| 105 | @aa z 000yy | |
| 200 | 1 | @a李煜@Ali yu@f董希平编著 |
| 210 | @a北京@c中华书局@d2010.03 | |
| 215 | @a221页@c图@d21cm | |
| 225 | 2 | @a怡情书吧 |
| 330 | @a李煜史称“李后主”,才华横溢,工书善画,精音律,擅诗词,其词作尤为世人称道,被称为“千古词帝”。王国维论曰:“词至李后主而眼界始大,感慨遂深,遂变伶工之词而为士大夫之词。” | |
| 410 | 0 | @12001 @a怡情书吧 |
| 606 | 0 | @a古典文学@x作品集@y中国@z南朝时代 |
| 690 | @aI213.912@v4 | |
| 701 | 0 | @a董希平@Adong xi ping@4编著 |
| 801 | 0 | @aCN@c20100515 |
| 905 | @dI213.912@eD740@f3 | |
| 李煜/董希平编著.-北京:中华书局,2010.03 |
| 221页:图;21cm.-(怡情书吧) |
| ISBN 978-7-101-07256-3:CNY26.00 |
| 李煜史称“李后主”,才华横溢,工书善画,精音律,擅诗词,其词作尤为世人称道,被称为“千古词帝”。王国维论曰:“词至李后主而眼界始大,感慨遂深,遂变伶工之词而为士大夫之词。” |
| ● |
| 相关链接 |
|
|
|
正题名:李煜
索取号:I213.912/D740
 
预约/预借
| 序号 | 登录号 | 条形码 | 馆藏地/架位号 | 状态 | 备注 |